Hát sắc bùa

Giới thiệu về "Hát Sắc bùa" một loại hình nghệ thuật biểu diễn dân gian vùng Nam Trung Bộ thịnh hành ở nhũng thập niên đầu thế kỉ XX cho đến truớc cách mạng tháng tám(1945) và đuợc tổ chức vào dịp lể tết, mừng xuân,liên hoan...

Volledige beschrijving

Bewaard in:
Bibliografische gegevens
Hoofdauteur: Trần, Hồng
Formaat: Boek
Taal:Undetermined
Gepubliceerd in: Hà Nội Văn hóa Thông Tin 2011
Onderwerpen:
Tags: Voeg label toe
Geen labels, Wees de eerste die dit record labelt!
Thư viện lưu trữ: Trung tâm Học liệu Trường Đại học Cần Thơ
LEADER 00922nam a2200193Ia 4500
001 CTU_169677
008 210402s9999 xx 000 0 und d
082 |a 781.629592 
082 |b H455 
100 |a Trần, Hồng 
245 0 |a Hát sắc bùa 
245 0 |c Trần Hồng 
260 |a Hà Nội 
260 |b Văn hóa Thông Tin 
260 |c 2011 
520 |a Giới thiệu về "Hát Sắc bùa" một loại hình nghệ thuật biểu diễn dân gian vùng Nam Trung Bộ thịnh hành ở nhũng thập niên đầu thế kỉ XX cho đến truớc cách mạng tháng tám(1945) và đuợc tổ chức vào dịp lể tết, mừng xuân,liên hoan văn nghệ quần chúng 
650 |a Folk songs, vietnamese,Dân ca Việt Nam 
904 |i Linh, Hải 
980 |a Trung tâm Học liệu Trường Đại học Cần Thơ